000
00344nam a2200145Ia 4500
008
221030s9999 xx 000 0 und d
020
_a
9380027050
041
_a
English
100
_a
P. Sharma
245
0
_a
Artificial Intelligence
_c
by P. Sharma
260
_b
Katson
_a
New Delhi
_c
2015
300
_a
390
650
_a
Computers
942
_c
BK
999
_c
15940
_d
15940